The workplace within : psychodynamics of organizational life /

Bibliographic Details
Main Author: Hirschhorn, Larry
Format: Book
Language:English
Published: Cambridge, Mass. : MIT Press, [1988]
Series:MIT Press series on organization studies ; 8.
Subjects:

MARC

Tag First Indicator Second Indicator Subfields
LEADER 00000cam a2200000 a 4500
001 in00000018208
005 20151007053200.0
008 870715s1988 mau b 00110 eng
010 |a  87020144  
020 |a 0262081695 
035 |a (OCoLC)16405218 
035 |9 AAB0695AM 
040 |a DLC  |c DLC  |d TXA  |d UtOrBLW 
049 |a TXAM  |c [A11096401] 
050 0 0 |a HF5548.8  |b .H493 1988 
082 0 |a 158.7  |2 19 
100 1 |a Hirschhorn, Larry. 
245 1 4 |a The workplace within :  |b psychodynamics of organizational life /  |c Larry Hirschhorn. 
264 1 |a Cambridge, Mass. :  |b MIT Press,  |c [1988] 
264 4 |c ©1988 
300 |a x, 265 pages ;  |c 24 cm. 
336 |a text  |b txt  |2 rdacontent 
337 |a unmediated  |b n  |2 rdamedia 
338 |a volume  |b nc  |2 rdacarrier 
490 1 |a MIT Press series on organization studies ;  |v 8 
504 |a Bibliography: pages [251]-258. 
500 |a Includes index. 
650 0 |a Psychology, Industrial. 
650 0 |a Industrial sociology. 
650 0 |a Organizational behavior. 
650 0 |a Human-machine systems. 
650 0 |a Work design. 
830 0 |a MIT Press series on organization studies ;  |v 8. 
999 |a MARS 
999 f f |s 22d687f5-ddef-31a4-8883-0d8df4bbf974  |i 399e6ce3-e6db-3e5b-870c-fd3e63f61783  |t 0 
952 f f |p ric  |a Texas A&M University  |b Rellis Campus  |c Joint Library Facility  |d Remote Storage  |t 0  |e HF5548.8 .H493 1988  |h Library of Congress classification  |i unmediated -- volume  |m A14811096401 
998 f f |a HF5548.8 .H493 1988  |t 0  |l Remote Storage